000 01060nmc a2200361 a 4500
003 AR-BaBNM
005 20251128210302.0
008 051020s1995 ||||||||||||||000 | spa||
020 _a0-89789-528-2
040 _cAR-BaBNM
245 1 0 _aEducation and the postmodern condition
250 _a1ª ed.
260 _aWestport
_bBergin & Garvey
_c1995
300 0 _a225 p.
490 0 _aCritical studies in education and culture
500 0 _aContiene datos sobre los autores
504 _aContiene referencias bibliográficas
600 1 4 _aLyotard, Jean-françois
600 1 4 _aFoucault, Michel
650 4 _aFILOSOFIA DE LA EDUCACION
650 4 _aTEORIAS DE LA EDUCACION
650 4 _aFINALIDADES DE LA EDUCACION
650 4 _aPOLITICA EDUCATIVA
653 0 _aPOSMODERNIDAD
653 0 _aPEDAGOGIA CRITICA
653 0 _aDIVERSIDAD SOCIOCULTURAL
700 1 _aPeters, Michael
_eeditor
700 1 _aLyotard, Jean-François
_eprologuista
800 1 _aGiroux, Henry A.
800 1 _aFreire, Paulo
942 _cBK
998 _cRaquel
999 _c14794
_d14794